UBT Library

Developmental mathematics / (Record no. 40454)

000 -LEADER
fixed length control field 00880cam a22002777a 4500
001 - CONTROL NUMBER
control field 16295358
005 - DATE AND TIME OF LATEST TRANSACTION
control field 20180118045800.0
008 - FIXED-LENGTH DATA ELEMENTS--GENERAL INFORMATION
fixed length control field 100621s2012 scua 001 0 eng
010 ## - LIBRARY OF CONGRESS CONTROL NUMBER
LC control number 2010931078
020 ## - INTERNATIONAL STANDARD BOOK NUMBER
International Standard Book Number 9781932628838 (student textbook)
020 ## - INTERNATIONAL STANDARD BOOK NUMBER
International Standard Book Number 1932628835 (student textbook)
020 ## - INTERNATIONAL STANDARD BOOK NUMBER
International Standard Book Number 9781932628845 (student textbook and software bundle)
020 ## - INTERNATIONAL STANDARD BOOK NUMBER
International Standard Book Number 1932628843 (student textbook and software bundle)
035 ## - SYSTEM CONTROL NUMBER
System control number (OCoLC)ocn785430266
040 ## - CATALOGING SOURCE
Original cataloging agency SGG
Transcribing agency SGG
Modifying agency DLC
041 ## - LANGUAGE CODE
Language code of text/sound track or separate title eng
042 ## - AUTHENTICATION CODE
Authentication code lccopycat
080 ## - UNIVERSAL DECIMAL CLASSIFICATION NUMBER
Universal Decimal Classification number 510
082 ## - DEWEY DECIMAL CLASSIFICATION NUMBER
Edition number 510 WRI
100 1# - Rafti
Rafti 36
101 ## - Shkurtesa
Shkurtesa MAT
245 10 - TITLE STATEMENT
Title Developmental mathematics /
Statement of responsibility, etc D. Franklin Wright.
906 ## - LOCAL DATA ELEMENT F, LDF (RLIN)
a 7
b cbc
c copycat
d 2
e ncip
f 20
g y-gencatlg
942 ## - ADDED ENTRY ELEMENTS (KOHA)
Source of classification or shelving scheme
Item type Books
Holdings
Withdrawn status Lost status Source of classification or shelving scheme Damaged status Not for loan Collection code Permanent location Current location Shelving location Date acquired Total Checkouts Full call number Barcode Date last seen Price effective from Koha item type
          Koleksioni i përgjithshem UBT - Lipjan UBT - Lipjan Koleksioni i përgjithshem 01/18/2018   510 WRI 002-2995821 01/18/2018 01/18/2018 Books
          Koleksioni i përgjithshem UBT - Lipjan UBT - Lipjan   06/21/2023   51WRI 002-800080644 06/21/2023 06/21/2023 Books
          Koleksioni i përgjithshem UBT - Lipjan UBT - Lipjan   07/06/2023   51IAE 002-800080766 07/06/2023 07/06/2023 Books
UBT Library © 2015-2024. All rights reserved University Education for Business and Technology